No Hint Sorting Gallery III Quiz Stats

 Plays Quiz Updated Feb 25, 2016

Challenge
Share
Tweet
Embed
Score 0/78 Timer 12:00
0 Plays Today
% Correct
Aquarius
95.4%
Aries
94.7%
Cancer
94.6%
Capricorn
94.2%
Libra
93.6%
Leo
93.4%
Scorpio
93.3%
Gemini
92.9%
Pisces
92.8%
Taurus
92.6%
Virgo
92.3%
Sagittarius
92.2%
Birthday of Martin Luther King Jr.
87%
Independence Day
86.7%
Inauguration Day (DC only)
86.3%
Columbus Day
86.1%
Thanksgiving Day
85.7%
New Year's Day
85.4%
Memorial Day
85.1%
Washington's Birthday
84.6%
Veterans Day
84.4%
Labor Day
82.4%
Christmas
81.2%
Joey
80.9%
Diseased livestock
80.7%
Death of the firstborn
80.7%
Monica
80.6%
Anger
80.3%
Swarms of flies
80.2%
Acceptance
80.2%
Ross
79.9%
Chandler
79.6%
Rachel
79.5%
Phoebe
79.3%
Gnats or lice
79.1%
Italy
77.9%
Denial
77.5%
Japan
77.4%
Locusts
77.3%
% Correct
France
77.2%
Arizona
77.1%
Boils
76.8%
Depression
76.7%
Water to blood
76.1%
Colorado
76.1%
Thunder and hail
75.7%
Germany
75.5%
Bargaining
75.5%
Canada
75.4%
Frogs
75.4%
New Mexico
75.2%
Utah
74.8%
United Kingdom
74.6%
United States
74.5%
Art Garfunkel
73.5%
Darkness
72.9%
Russia
72.1%
Paul Simon
71.5%
Calliope
70%
Chocolate
69.3%
Strawberry
68.9%
Erato
68.8%
Vanilla
67.9%
Euterpe
67.8%
Snape
67.3%
Lupin
67.2%
Elvis Presley
67.1%
Lockhart
66.6%
Quirrell
66.5%
Clio
65.7%
Moody (Crouch Jr.)
65.5%
Polyhymnia
65.1%
Umbridge
64.8%
Melpomene
64.8%
Thalia
63.6%
Terpsichore
62.7%
Urania
59.5%
Carrow
57.4%

You're not logged in!

Compare scores with friends on all Sporcle quizzes.
Join for Free
OR
Log In

You Might Also Like...

Show Comments

Extras

Top Quizzes Today


Score Distribution

Your Account Isn't Verified!

In order to create a playlist on Sporcle, you need to verify the email address you used during registration. Go to your Sporcle Settings to finish the process.

Report this User

Report this user for behavior that violates our Community Guidelines.

Details: